[Event "Motiva Online Blitz (Women)"]
[Site "Chess.com INT"]
[Date "2021.12.18"]
[Round "3"]
[White "Seeger, Alexandra"]
[Black "Richterova, Natasa1111"]
[Result "1-0"]
[WhiteElo "1616"]
[BlackElo "1247"]
[PlyCount "53"]
[EventDate "2021.12.18"]
[EventType "swiss (blitz)"]
[EventRounds "13"]
[EventCountry "USA"]
[SourceTitle "CBM 205 Extra"]
[Source "ChessBase"]
[SourceDate "2022.01.31"]
[SourceVersion "1"]
[SourceVersionDate "2022.01.31"]
[SourceQuality "1"]

1. d4 d5 2. Nf3 Nc6 3. Bf4 Nf6 4. e3 Bf5 5. Bd3 Bg6 6. 0-0 e6 7. Ne5 Nxe5 8. Bxe5 Nd7 9. Bg3 Nf6 10. h3 Bd6 11. Bxd6 Qxd6 12. Nd2 Bxd3 13. cxd3 0-0 14. Nf3 Nd7 15. Rc1 h6 16. e4 c6 17. Qe2 Rac8 18. a3 Qe7 19. b4 b6 20. Rfe1 Qf6 21. Qe3 c5 22. dxc5 bxc5 23. e5 Qe7 24. bxc5 Nxc5 25. d4 Ne4 26. Rxc8 Rxc8 27. Rc1 1-0

[Event "Motiva Online Blitz (Women)"]
[Site "Chess.com INT"]
[Date "2021.12.18"]
[Round "5"]
[White "Varela la Madrid, Tilsia Carolin"]
[Black "Seeger, Alexandra"]
[Result "1-0"]
[WhiteElo "2104"]
[BlackElo "1616"]
[PlyCount "59"]
[EventDate "2021.12.18"]
[EventType "swiss (blitz)"]
[EventRounds "13"]
[EventCountry "USA"]
[SourceTitle "CBM 205 Extra"]
[Source "ChessBase"]
[SourceDate "2022.01.31"]
[SourceVersion "1"]
[SourceVersionDate "2022.01.31"]
[SourceQuality "1"]

1. e4 e6 2. d4 d5 3. Bd3 Nf6 4. e5 Nfd7 5. c3 c5 6. Ne2 Nc6 7. 0-0 f6 8. exf6 Nxf6 9. Nd2 Bd6 10. Nf3 0-0 11. Be3 Bd7 12. dxc5 Be7 13. Bd4 Nxd4 14. cxd4 b6 15. b4 Rc8 16. Ne5 Be8 17. Ng3 a5 18. a3 bxc5 19. bxc5 Nd7 20. Nxd7 Qxd7 21. Qe2 Bf7 22. Rab1 Rb8 23. h3 Qa4 24. Rxb8 Rxb8 25. Qe5 Rc8 26. Nh5 Bxh5 27. Qxe6+ Kf8 28. Qxc8+ Be8 29. Bxh7 Qxd4 30. Bg6 1-0

[Event "GER Pfingstopen U25"]
[Site "Playchess.com INT"]
[Date "2020.06.02"]
[Round "3"]
[White "Gauchel, Lorenz"]
[Black "Seeger, Alexandra"]
[Result "1-0"]
[WhiteElo "1691"]
[BlackElo "1513"]
[PlyCount "87"]
[EventDate "2020.06.02"]
[EventType "swiss (blitz)"]
[EventRounds "11"]
[EventCountry "GER"]
[SourceTitle "CBM 197 Extra"]
[Source "ChessBase"]
[SourceDate "2020.09.30"]
[SourceVersion "1"]
[SourceVersionDate "2020.09.30"]
[SourceQuality "1"]

1. d4 Nf6 2. c4 g6 3. Nc3 Bg7 4. e4 d6 5. Be2 0-0 6. Nf3 e5 7. d5 c6 8. Be3 Ne8 9. Nd2 f5 10. f3 fxe4 11. Ndxe4 Bf5 12. 0-0 Nf6 13. Ng3 Bd7 14. Qd2 Qe7 15. Rfd1 cxd5 16. Nxd5 Nxd5 17. Qxd5+ Be6 18. Qxd6 Qf7 19. Rac1 Nc6 20. Ne4 Rfd8 21. Qc5 Bf8 22. Qb5 a6 23. Qa4 Nd4 24. Bxd4 exd4 25. Ng5 Qf6 26. Nxe6 Qxe6 27. Kf1 Qe3 28. Qb3 Kh8 29. Qd3 Qh6 30. Kg1 Bd6 31. g3 Bc5 32. Kg2 Re8 33. b4 Re3 34. Qd2 Rae8 35. Bd3 g5 36. bxc5 Qe6 37. Be4 Rxe4 38. fxe4 Qxe4+ 39. Kg1 Qf3 40. Qf2 Qa3 41. Re1 Qxc5 42. Rxe8+ Kg7 43. Qf8+ Kg6 44. Qxc5 1-0

[Event "GER Pfingstopen U25"]
[Site "Playchess.com INT"]
[Date "2020.06.02"]
[Round "1"]
[White "Seeger, Alexandra"]
[Black "Bashylina, Luisa"]
[Result "0-1"]
[WhiteElo "1513"]
[BlackElo "1917"]
[PlyCount "68"]
[EventDate "2020.06.02"]
[EventType "swiss (blitz)"]
[EventRounds "11"]
[EventCountry "GER"]
[SourceTitle "CBM 197 Extra"]
[Source "ChessBase"]
[SourceDate "2020.09.30"]
[SourceVersion "1"]
[SourceVersionDate "2020.09.30"]
[SourceQuality "1"]

1. d4 Nf6 2. Nf3 g6 3. Bf4 Bg7 4. e3 d6 5. Be2 0-0 6. 0-0 Nc6 7. c3 Nh5 8. Bg5 h6 9. Bh4 g5 10. Bg3 Nxg3 11. hxg3 e5 12. d5 Ne7 13. e4 f5 14. Nbd2 Ng6 15. Ne1 f4 16. Bh5 Qf6 17. Nd3 Kh7 18. gxf4 Nxf4 19. Nxf4 gxf4 20. Bg4 Rg8 21. Bxc8 Raxc8 22. Qg4 Rcf8 23. Nf3 Bh8 24. Qd7+ Rf7 25. Qf5+ Qxf5 26. exf5 Rxf5 27. Nh4 Rfg5 28. Kh2 Rg4 29. g3 Bf6 30. Nf5 R8g5 31. Nh4 Rh5 32. Kh3 Rg8 33. Rh1 Rhg5 34. gxf4 Rh5 0-1

[Event "GER-chT Federal Cup (Women)"]
[Site "Braunfels"]
[Date "2018.06.02"]
[Round "4.7"]
[White "Rogozenco, Ileana"]
[Black "Seeger, Alexandra"]
[Result "1-0"]
[WhiteElo "2021"]
[BlackElo "1607"]
[PlyCount "81"]
[EventDate "2018.05.31"]
[EventType "team-swiss"]
[EventRounds "5"]
[EventCountry "GER"]
[SourceTitle "EXT 2020"]
[Source "ChessBase"]
[SourceDate "2019.10.17"]
[SourceVersion "1"]
[SourceVersionDate "2019.10.17"]
[SourceQuality "1"]
[WhiteTeam "Hamburg (W)"]
[BlackTeam "Baden (W)"]
[WhiteTeamCountry "GER"]
[BlackTeamCountry "GER"]

1. e4 e6 2. d4 d5 3. e5 c5 4. c3 Nc6 5. f4 cxd4 6. cxd4 Qb6 7. Nf3 Bd7 8. a3 Nh6 9. Nc3 a6 10. Na4 Qa7 11. Be3 Nf5 12. Bf2 b5 13. Nc3 Na5 14. Bd3 Ne7 15. 0-0 Nec6 16. f5 Be7 17. Kh1 Nc4 18. Qe2 Bd8 19. fxe6 Bxe6 20. Rad1 h6 21. Bb1 Qd7 22. Qc2 Bg4 23. Bg1 Bb6 24. Qf2 0-0 25. Qc2 g6 26. Qc1 Kg7 27. h3 Be6 28. Nh4 Bxh3 29. Qf4 Bd8 30. Nxg6 Qg4 31. Qxg4 Bxg4 32. Nxf8 Bxd1 33. Nxd1 Kxf8 34. Bg6 Kg7 35. Bxf7 Ne7 36. Be6 Nd2 37. Rf7+ Kg6 38. Rf8 Ne4 39. Ne3 Rb8 40. Nxd5 Nxd5 41. Bxd5 1-0

[Event "GER-chT Federal Cup (Women)"]
[Site "Braunfels"]
[Date "2018.06.01"]
[Round "3.7"]
[White "Seeger, Alexandra"]
[Black "Lowke, Kathrin"]
[Result "1/2-1/2"]
[WhiteElo "1607"]
[BlackElo "1908"]
[PlyCount "82"]
[EventDate "2018.05.31"]
[EventType "team-swiss"]
[EventRounds "5"]
[EventCountry "GER"]
[SourceTitle "EXT 2020"]
[Source "ChessBase"]
[SourceDate "2019.10.17"]
[SourceVersion "1"]
[SourceVersionDate "2019.10.17"]
[SourceQuality "1"]
[WhiteTeam "Baden (W)"]
[BlackTeam "Sachsen (W)"]
[WhiteTeamCountry "GER"]
[BlackTeamCountry "GER"]

1. d4 Nf6 2. Nf3 d6 3. Bf4 g6 4. Nbd2 Bg7 5. e4 0-0 6. Bd3 Nbd7 7. 0-0 c5 8. c3 a6 9. Qe2 b5 10. a4 c4 11. Bc2 Bb7 12. h3 Nh5 13. Bh2 e5 14. Rfd1 Qe7 15. axb5 axb5 16. dxe5 dxe5 17. b3 cxb3 18. Nxb3 Bc6 19. Na5 Qe6 20. Bb3 Qf6 21. Nxe5 Nxe5 22. Bxe5 Qxe5 23. Nxc6 Qc5 24. Rxa8 Rxa8 25. Qf3 Rf8 26. Nd4 Nf6 27. Qd3 Rb8 28. Qe3 Re8 29. f3 Nd7 30. Nc2 Qxe3+ 31. Nxe3 Nc5 32. Bd5 Bxc3 33. Bc6 Rb8 34. Nd5 Ba5 35. Rb1 b4 36. Kf1 b3 37. Ke2 Bd8 38. Kd2 Bg5+ 39. Ke2 Rc8 40. f4 Bd8 41. Bb5 Nxe4 1/2-1/2

[Event "Wiesbaden op 29th"]
[Site "Wiesbaden"]
[Date "2017.08.27"]
[Round "7"]
[White "Seeger, Alexandra"]
[Black "Reitz, Theresa"]
[Result "0-1"]
[WhiteElo "1615"]
[BlackElo "1719"]
[PlyCount "108"]
[EventDate "2017.08.24"]
[EventType "swiss"]
[EventRounds "7"]
[EventCountry "GER"]
[SourceTitle "CBM 180 Extra"]
[Source "ChessBase"]
[SourceDate "2017.10.06"]
[SourceVersion "1"]
[SourceVersionDate "2017.10.06"]
[SourceQuality "1"]

1. d4 Nf6 2. Nf3 g6 3. Bf4 Bg7 4. e3 d6 5. h3 0-0 6. c4 Nfd7 7. Be2 e5 8. Bg5 f6 9. Bh4 Qe7 10. 0-0 Nc6 11. Nc3 Nb6 12. a4 a5 13. Qb3 Kh8 14. Rad1 g5 15. Bg3 e4 16. Nd2 f5 17. f4 exf3 18. Rxf3 Bxd4 19. Nd5 Nxd5 20. cxd5 Nb4 21. Bf1 Bg7 22. Re1 Bd7 23. Nb1 Qe8 24. Nc3 Rb8 25. Bb5 Bxb5 26. Nxb5 Qd7 27. Rc1 Na6 28. Qc2 Nc5 29. Rcf1 Rbc8 30. Rxf5 Rxf5 31. Rxf5 Nxa4 32. Nc3 Nxc3 33. bxc3 Qe7 34. Rf3 Re8 35. Qb3 b6 36. Qc4 Qd7 37. e4 h6 38. Re3 Be5 39. Bxe5+ Rxe5 40. Qd4 Kg8 41. Qd1 Qe8 42. Qe2 a4 43. c4 Qa8 44. Qh5 Kg7 45. Rf3 Qe8 46. Qxe8 Rxe8 47. Ra3 Rxe4 48. Rxa4 b5 49. Rb4 bxc4 50. Kf2 Kf6 51. Kf3 Ke5 52. Rb7 Kxd5 53. Rxc7 Re5 54. g3 Kd4 0-1

[Event "Baden-ch U1700"]
[Site "Walldorf"]
[Date "2017.07.30"]
[Round "7"]
[White "Fleckenstein, Wolfgang"]
[Black "Seeger, Alexandra"]
[Result "1/2-1/2"]
[WhiteElo "1777"]
[BlackElo "1615"]
[PlyCount "53"]
[EventDate "2017.07.26"]
[EventType "swiss"]
[EventRounds "7"]
[EventCountry "GER"]
[SourceTitle "EXT 2018"]
[Source "ChessBase"]
[SourceDate "2017.10.13"]
[SourceVersion "1"]
[SourceVersionDate "2017.10.13"]
[SourceQuality "1"]

1. e4 e6 2. d3 d5 3. Nd2 Nf6 4. Ngf3 Be7 5. g3 0-0 6. Bg2 c5 7. 0-0 d4 8. a4 Nc6 9. Nc4 Nd7 10. Bf4 f6 11. Bh3 e5 12. Be6+ Kh8 13. Bd2 Nb6 14. Bxc8 Qxc8 15. Nxb6 axb6 16. Nh4 g6 17. Kg2 f5 18. exf5 g5 19. Nf3 Qxf5 20. h3 Rf7 21. g4 Qg6 22. Qe2 Bf6 23. Rae1 Rxa4 24. Bxg5 Bxg5 25. Nxe5 Qf6 26. Nxf7+ Qxf7 27. Qd1 1/2-1/2

[Event "Baden-ch U1700"]
[Site "Walldorf"]
[Date "2017.07.28"]
[Round "3"]
[White "Bade, Gerhard"]
[Black "Seeger, Alexandra"]
[Result "1/2-1/2"]
[WhiteElo "1401"]
[BlackElo "1615"]
[PlyCount "84"]
[EventDate "2017.07.26"]
[EventType "swiss"]
[EventRounds "7"]
[EventCountry "GER"]
[SourceTitle "EXT 2018"]
[Source "ChessBase"]
[SourceDate "2017.10.13"]
[SourceVersion "1"]
[SourceVersionDate "2017.10.13"]
[SourceQuality "1"]

1. e4 e6 2. d4 d5 3. e5 c5 4. Na3 Nc6 5. Nf3 cxd4 6. Bb5 Bxa3 7. Bxc6+ bxc6 8. bxa3 c5 9. 0-0 Ne7 10. Rb1 Ng6 11. Qd3 0-0 12. h4 Nxh4 13. Nxh4 Qxh4 14. f4 a5 15. Rb6 Qe7 16. Rf3 c4 17. Qxd4 Ba6 18. Bd2 Qa7 19. Be3 Rab8 20. Rf1 Rb7 21. Rfb1 Rxb6 22. Qxb6 Qxb6 23. Rxb6 Ra8 24. c3 a4 25. Bc5 g6 26. Kf2 Bc8 27. Ke3 h5 28. Be7 Bd7 29. Kd4 Rc8 30. Bf6 Kh7 31. Rb7 Be8 32. g3 Kg8 33. Rb1 Bd7 34. g4 Kh7 35. Ke3 Kh6 36. Bg5+ Kg7 37. gxh5 gxh5 38. Kd4 Rg8 39. Rg1 Kh7 40. Rb1 Kg6 41. Rg1 Kf5 42. Rh1 Be8 1/2-1/2

[Event "Baden-ch U1700"]
[Site "Walldorf"]
[Date "2017.07.26"]
[Round "1"]
[White "Ahmad, Quasim"]
[Black "Seeger, Alexandra"]
[Result "1-0"]
[WhiteElo "1436"]
[BlackElo "1615"]
[PlyCount "67"]
[EventDate "2017.07.26"]
[EventType "swiss"]
[EventRounds "7"]
[EventCountry "GER"]
[SourceTitle "EXT 2018"]
[Source "ChessBase"]
[SourceDate "2017.10.13"]
[SourceVersion "1"]
[SourceVersionDate "2017.10.13"]
[SourceQuality "1"]

1. e4 e6 2. d4 d5 3. exd5 exd5 4. c4 c6 5. Nf3 Nf6 6. Nc3 Bd6 7. Bd3 0-0 8. 0-0 Bg4 9. Bg5 h6 10. Bh4 g5 11. Bg3 Re8 12. Qb3 b6 13. cxd5 Bxg3 14. fxg3 cxd5 15. Ne5 Be6 16. Bf5 Qe7 17. Nb5 Rc8 18. Qf3 Nbd7 19. h4 Bxf5 20. Qxf5 Nxe5 21. dxe5 Ne4 22. Nd6 Nxd6 23. exd6 Qxd6 24. Qxf7+ Kh8 25. hxg5 Qf8 26. Qh5 Qg7 27. gxh6 Qxg3 28. Rf3 Qd6 29. Qf7 Rc7 30. Qh5 Rc6 31. Raf1 Qxh6 32. Qe5+ Qg7 33. Rh3+ Kg8 34. Qxd5+ 1-0

[Event "Rheinland Pfalz op 7th"]
[Site "Frankenthal"]
[Date "2015.06.07"]
[Round "7"]
[White "Seeger, Alexandra"]
[Black "Hoehler, Waldemar"]
[Result "0-1"]
[WhiteElo "1589"]
[BlackElo "1870"]
[PlyCount "74"]
[EventDate "2015.06.04"]
[EventType "swiss"]
[EventRounds "7"]
[EventCountry "GER"]
[SourceTitle "EXT 2017"]
[Source "ChessBase"]
[SourceDate "2016.10.25"]
[SourceVersion "1"]
[SourceVersionDate "2016.10.25"]
[SourceQuality "1"]

1. d4 c5 2. e3 e6 3. Bd3 Nf6 4. Nf3 b6 5. 0-0 Bb7 6. Nbd2 Be7 7. c3 d5 8. Re1 0-0 9. e4 dxe4 10. Nxe4 Nbd7 11. Qe2 Qc7 12. Bg5 Rfe8 13. Nxf6+ Nxf6 14. Ne5 h6 15. Bh4 Nd5 16. Bg3 Qc8 17. Bb5 Rd8 18. Qh5 Rf8 19. Nd7 Nf6 20. Nxf6+ Bxf6 21. Bd6 Rd8 22. dxc5 a6 23. Ba4 b5 24. Bb3 Qc6 25. Qh3 a5 26. Bc2 b4 27. Be4 Qc8 28. Rab1 Bxe4 29. Rxe4 bxc3 30. bxc3 Qc6 31. Rg4 Qd5 32. a4 Rac8 33. Qxh6 Qf5 34. h3 Qxb1+ 35. Kh2 Qf5 36. Be7 Be5+ 37. f4 Qxg4 0-1

[Event "Rheinland Pfalz op 7th"]
[Site "Frankenthal"]
[Date "2015.06.06"]
[Round "3"]
[White "Seeger, Alexandra"]
[Black "Kirmeir, Andreas"]
[Result "1/2-1/2"]
[WhiteElo "1589"]
[BlackElo "1743"]
[PlyCount "74"]
[EventDate "2015.06.04"]
[EventType "swiss"]
[EventRounds "7"]
[EventCountry "GER"]
[SourceTitle "EXT 2017"]
[Source "ChessBase"]
[SourceDate "2016.10.25"]
[SourceVersion "1"]
[SourceVersionDate "2016.10.25"]
[SourceQuality "1"]

1. d4 d6 2. Nf3 e6 3. Bf4 Nd7 4. e3 b6 5. Be2 Bb7 6. Nbd2 Ngf6 7. h3 h6 8. c3 a6 9. Qc2 g5 10. Bg3 Bg7 11. e4 Nh5 12. Bh2 Nf4 13. Bxf4 gxf4 14. Rg1 Qe7 15. 0-0-0 b5 16. Nb3 h5 17. Kb1 Rb8 18. Na5 Ba8 19. d5 e5 20. c4 Nc5 21. cxb5 axb5 22. b4 Nd7 23. Nc6 Bxc6 24. Qxc6 0-0 25. Bxb5 Nf6 26. Rge1 Rb6 27. Qc4 Rfb8 28. a4 Bh6 29. Rc1 Ne8 30. Rc3 c6 31. dxc6 Nc7 32. Rb3 Nxb5 33. axb5 Qc7 34. Nh4 Rxb5 35. Re2 Bf8 36. g3 d5 37. Qd3 Rxb4 1/2-1/2

[Event "Rheinland Pfalz op 7th"]
[Site "Frankenthal"]
[Date "2015.06.06"]
[Round "5"]
[White "Seeger, Alexandra"]
[Black "Siedler, Marc"]
[Result "1-0"]
[WhiteElo "1589"]
[BlackElo "1236"]
[PlyCount "95"]
[EventDate "2015.06.04"]
[EventType "swiss"]
[EventRounds "7"]
[EventCountry "GER"]
[SourceTitle "EXT 2017"]
[Source "ChessBase"]
[SourceDate "2016.10.25"]
[SourceVersion "1"]
[SourceVersionDate "2016.10.25"]
[SourceQuality "1"]

1. d4 Nf6 2. Nf3 e6 3. Bf4 b6 4. e3 Bb7 5. Bd3 d5 6. Nbd2 Nbd7 7. c3 Be7 8. h3 c5 9. 0-0 c4 10. Bc2 0-0 11. Re1 Re8 12. Qe2 Ne4 13. Ba4 a6 14. Bxd7 Qxd7 15. Nxe4 dxe4 16. Ne5 Qd5 17. Nxc4 Qd8 18. Qc2 b5 19. Nd2 f5 20. Nf1 Rf8 21. Rac1 Rc8 22. a4 b4 23. Qb3 Bd5 24. c4 Bc6 25. c5 Bd5 26. Qxb4 Rf6 27. a5 Rc6 28. Nd2 Rc8 29. Qb6 Rc6 30. Qxd8+ Bxd8 31. b4 Rf7 32. Nc4 Rb7 33. Nb6 g5 34. Be5 Bc7 35. Bxc7 Rcxc7 36. Nxd5 exd5 37. Rb1 Rc6 38. Rb3 Kf7 39. f3 exf3 40. gxf3 Kf6 41. e4 fxe4 42. fxe4 dxe4 43. Rxe4 Kf5 44. Re5+ Kf4 45. Kf2 g4 46. Rbe3 g3+ 47. Kg2 Rxb4 48. Rf3# 1-0

[Event "Rheinland Pfalz op 7th"]
[Site "Frankenthal"]
[Date "2015.06.06"]
[Round "6"]
[White "Starkbaum, Michael"]
[Black "Seeger, Alexandra"]
[Result "0-1"]
[WhiteElo "1724"]
[BlackElo "1589"]
[PlyCount "92"]
[EventDate "2015.06.04"]
[EventType "swiss"]
[EventRounds "7"]
[EventCountry "GER"]
[SourceTitle "EXT 2017"]
[Source "ChessBase"]
[SourceDate "2016.10.25"]
[SourceVersion "1"]
[SourceVersionDate "2016.10.25"]
[SourceQuality "1"]

1. d4 d5 2. c4 e6 3. Nf3 Nf6 4. Nbd2 Be7 5. e3 0-0 6. Qc2 b6 7. b3 Nbd7 8. Bd3 Bb7 9. Bb2 Re8 10. 0-0 c5 11. Rfe1 h6 12. Rad1 Rc8 13. e4 dxe4 14. Nxe4 Bxe4 15. Bxe4 Nxe4 16. Rxe4 Qc7 17. Qd2 Nf6 18. Re2 Red8 19. Qc2 cxd4 20. Bxd4 Nd7 21. Qc3 Bf6 22. Red2 e5 23. Bxe5 Bxe5 24. Nxe5 Nxe5 25. h3 Ng6 26. Qe3 Rxd2 27. Rxd2 Rd8 28. Rxd8+ Qxd8 29. g3 Qe7 30. Qf3 Qe1+ 31. Kg2 Qa5 32. a4 Ne5 33. Qa8+ Kh7 34. Qe4+ g6 35. h4 Qc5 36. h5 Qc6 37. hxg6+ fxg6 38. f3 Qxe4 39. fxe4 Nd3 40. Kf3 Kg7 41. Ke3 Nc5 42. b4 Nxa4 43. e5 Kf7 44. Kd4 Ke6 45. c5 bxc5+ 46. bxc5 Nxc5 0-1

[Event "Rheinland Pfalz op 7th"]
[Site "Frankenthal"]
[Date "2015.06.06"]
[Round "4"]
[White "Wieber, Dominik"]
[Black "Seeger, Alexandra"]
[Result "1-0"]
[WhiteElo "1851"]
[BlackElo "1589"]
[PlyCount "71"]
[EventDate "2015.06.04"]
[EventType "swiss"]
[EventRounds "7"]
[EventCountry "GER"]
[SourceTitle "EXT 2017"]
[Source "ChessBase"]
[SourceDate "2016.10.25"]
[SourceVersion "1"]
[SourceVersionDate "2016.10.25"]
[SourceQuality "1"]

1. e4 c5 2. Nf3 e6 3. c3 d5 4. exd5 exd5 5. d4 Nf6 6. Be3 c4 7. Be2 Be7 8. Nbd2 Bf5 9. 0-0 h6 10. Ne5 Nbd7 11. b3 cxb3 12. axb3 Nxe5 13. dxe5 Nd7 14. Nf3 Be4 15. Rxa7 Rxa7 16. Bxa7 Qc7 17. Bd4 0-0 18. Re1 Qc6 19. Bd3 Nc5 20. Bxc5 Qxc5 21. Re3 Bxf3 22. Rxf3 Kh8 23. Bb1 Bd8 24. Qd3 g6 25. b4 Qc4 26. Qxc4 dxc4 27. Bxg6 Kg7 28. Be4 b6 29. Bd5 Bc7 30. Re3 Re8 31. f4 b5 32. Kf1 Bb6 33. Re1 Rb8 34. Ke2 Bc7 35. Kf3 Rb6 36. Ra1 1-0

[Event "GER-chT Federal Cup (Women)"]
[Site "Braunfels"]
[Date "2012.06.08"]
[Round "2.8"]
[White "Seeger, Alexandra"]
[Black "Tinnes, Marie Christine"]
[Result "1/2-1/2"]
[WhiteElo "1151"]
[BlackElo "1089"]
[PlyCount "46"]
[EventDate "2012.06.07"]
[EventType "team-swiss"]
[EventRounds "5"]
[EventCountry "GER"]
[SourceTitle "CBM 149 Extra"]
[Source "ChessBase"]
[SourceDate "2012.08.24"]
[SourceVersion "1"]
[SourceVersionDate "2012.08.24"]
[SourceQuality "1"]
[WhiteTeam "Baden (W)"]
[BlackTeam "Saarland (W)"]
[WhiteTeamCountry "GER"]
[BlackTeamCountry "GER"]

1. e4 c6 2. d4 d5 3. e5 Bf5 4. Nf3 e6 5. Nbd2 Nd7 6. Nb3 Qc7 7. Bd3 Bxd3 8. Qxd3 c5 9. dxc5 Bxc5 10. Nxc5 Nxc5 11. Qb5+ Nd7 12. c3 Ne7 13. 0-0 0-0 14. Re1 Ng6 15. Qe2 Nc5 16. Qd2 Ne4 17. Qd4 Qc5 18. Qxc5 Nxc5 19. Be3 Nd3 20. Re2 Ndxe5 21. Nxe5 Nxe5 22. Bxa7 Rxa7 23. Rxe5 Raa8 1/2-1/2